000 00353nam a22001577a 4500
003 SGT
020 _a978-93-325-5789-5
082 _a151
_bT16S
100 _aSELIGMAN, LINDA
245 _aTHEORIES OF COUNSELING & PSYCHOTHERAPY
250 _a4TH
260 _aINDIA
_bPERSON
_c2016
300 _a539
650 _aPSYCHOLOGY
942 _2ddc
_cBK
_015
999 _c10570
_d10570